LEADER 01285cam0-22003971i-450- 001 990006632400403321 005 20100426105357.0 035 $a000663240 035 $aFED01000663240 035 $a(Aleph)000663240FED01 035 $a000663240 100 $a20010426d2001----km-y0itay50------ba 101 0 $aita 102 $aIT 105 $ay-------001yy 200 1 $aSecondo rapporto sull'integrazione degli immigrati in Italia$fCommissione per le politiche di integrazione degli immigrati$ga cura di Giovanna Zincone 210 $aBologna$cIl Mulino$d2001 215 $a838 p.$d22 cm 225 1 $aOrganizzazione come strategia 610 0 $aImmigrati$aCondizioni economiche e sociali$aItalia$a1997-2000 676 $a305.90691$v20$zita 702 1$aZincone,$bGiovanna$f<1944- > 710 02$aCommissione per le politiche di integrazione degli immigrati$0248109 801 0$aIT$bUNINA$gRICA$2UNIMARC 901 $aBK 912 $a990006632400403321 952 $aVI F 277$b38070$fFSPBC 952 $aXI PGR 1$fDFD 952 $a15630 ZIN$b19302$fSES 952 $aDPR 29-691$b19247$fDEC 959 $aFSPBC 959 $aDFD 959 $aSES 959 $aDEC 996 $aSecondo rapporto sull'integrazione degli immigrati in Italia$968275 997 $aUNINA LEADER 00913nam0-22003251i-450- 001 990000784380403321 005 20001010 035 $a000078438 035 $aFED01000078438 035 $a(Aleph)000078438FED01 035 $a000078438 100 $a20001010d--------km-y0itay50------ba 101 0 $aita 105 $ay-------001yy 200 1 $aVille in montagna, al mare, in campagna$fLuigi Vietti$ga cura di Franco Magnani 210 $aMilano$cDi Baio$dc1991 215 $a218 p.$ctutte ill.$d33 cm 610 0 $aINTERNI$aville 610 0 $aVILLE$ainterni 676 $a747 700 1$aVietti,$bLuigi$f<1903-1998>$024127 702 1$aMagnani,$bFranco 801 0$aIT$bUNINA$gRICA$2UNIMARC 901 $aBK 912 $a990000784380403321 952 $aARR C 127$b3211/541$fFARBC 959 $aFARBC 996 $aVille in montagna, al mare, in campagna$9350760 997 $aUNINA DB $aING01